000 00424nam a2200169Ia 4500
003 OSt
005 20230609144951.0
008 210423s2005 xx 000 0 und d
040 _cAL
082 _a302.3 IMSG
_223
100 _aSAJNANI (Kamlesh).
_9123353
245 _aGroup discussions.
260 _aMumbai
_bIMS Learning Resource Pvt Ltd
_c2005
365 _cINR
906 _adiscussions. ; Group
942 _2ddc
_cBK
999 _c174272
_d174272